Novyje javlenija v energetike kapitalističeskogo mira

Enregistré dans:
Détails bibliographiques
Format: Livre
Langue:russe
Publié: Moskva : Mysľ, 1979
Tags: Ajouter un tag
Pas de tags, Soyez le premier à ajouter un tag!

MARC

LEADER 00000nam a22000003a 4500
001 stu147226
005 20141122184904.7
008 071022s1979------------------------rus-d
040 |a STU  |b slo 
041 0 |a rus 
080 |a 620.9 
080 |a 330.123.72 
245 |a Novyje javlenija v energetike kapitalističeskogo mira 
260 |a Moskva :  |b Mysľ,  |c 1979 
300 |a 278 s 
996 |b E45372  |c E*45372  |l EE06  |s P  |a 0  |w stu147226_0001